| 000 | 00399cam a2200157ua 4500 | ||
|---|---|---|---|
| 041 |
_ahin _h |
||
| 082 |
_a028.73491 _bRAM/SA |
||
| 100 | _aRamchandra, Varma . | ||
| 245 |
_aSamkshipta hindi shabdhsagar / _cRamchandra Varma. _hTextual Documents |
||
| 250 |
_a5 / _b. |
||
| 260 |
_aKashi : _bNagari pracharini sabha , _c1985. |
||
| 300 | _a ; . | ||
| 504 | _a | ||
| 942 | _cBK | ||
| 999 |
_c9127 _d9127 |
||